00954nam a2200193Ia 4500003000900000008004100009020001800050040001600068080003100084111013900115245025900254260004200513300001600555490006500571650004100636650002300677700002800700700003200728IN-BaIIA211028s9999 xx 000 0 eng d a90-277-2335-4 cIIA Library a524.3-64(082.2) bAST aNATO Advanced Study Institute Workshop on Astrophysical Radiation HydrodynamicscGarching, Federal Republic of Germanyd1982 Aug. 2-13 0aAstrophysical radiation hydrodynamicsbproceedings of the NATO advanced study institute workshop on astrophysical radiation hydrodynamics, held in Garching, Federal Republic of Germany, 2-13 Aug, 1982cedited by Karl-Heinz A Winkler and Michael L. Norman aDordrechtbD. Reidel Publishingc1986 aviii, 590p. aNATO ASI series. series C : mathematical and physical scienc aAstronomy and astrophysics thesaurus aRadiative transfer aNorman, Michael L., ed. aWinkler, Karl-Heinz A., ed.